Statistics for Name The Celebrity from their Famous Relative

Click here to take the quiz!

General Stats

  • This quiz has been taken 56 times
  • The average score is 9 of 15

Answer Stats

HintThe Answer is their...Answer% Correct
Rumer WillisMotherDemi Moore
82%
Kiefer SutherlandFatherDonald Sutherland
80%
Kate HudsonMotherGoldie Hawn
78%
Lily CollinsFatherPhil Collins
73%
Angelina JolieFatherJon Voight
71%
Bryce Dallas HowardFatherRon Howard
69%
Kate MaraSisterRooney Mara
59%
Rashida JonesFatherQuincy Jones
57%
Carrie FisherMotherDebbie Reynolds
55%
Maya HawkeMotherUma Thurman
49%
Dakota JohnsonMotherMelanie Griffith
47%
Blythe DannerDaughterGwyneth Paltrow
43%
Zoe KravitzMotherLisa Bonet
41%
Minnie RipertonDaughterMaya Rudolph
29%
Jonah HillSisterBeanie Feldstein
20%

Score Distribution

Percentile by Number Answered

Percent of People with Each Score

Your Score History

You have not taken this quiz